000 01199naa a22003137a 4500
001 BR9301618
003 BR-BrBNA
005 20240918181014.0
007 ta
008 230509b bl.||||| |||| 00| 0 por d
040 _aBR-BrBNA
_bpor
_cBiblioteca Nacional de Agricultura
041 _a(Pt)
072 _aP30; P36
_b0336
090 _aP30 BR9301618
100 1 _aCardoso, A.N.
111 1 _aSimposio sobre a Cultura da Soja nos Cerrados
_cUberaba, MG (Brazil)
_d16-20 Mar 1992
245 1 _aManejo e conservacao do solo na cultura da soja
260 3 _aPiracicaba, SP (Brasil):
_c1993.
500 _aArantes, N.E.; Souza, P.I. de M. de(eds.) A cultura da soja nos cerrados Piracicaba, SP (Brasil): 1993. p. 71-104 (BR9301618-AM)P30
650 _aSoja
650 _aGrao
650 _aManejo do Solo
650 _aConservacao do Solo
650 _aAdubacao
650 _aRendimento
773 0 _tA cultura da soja nos cerrados
_aArantes, N.E.; Souza, P.I. de M. de(eds.). Associacao Brasileira para Pesquisa da Potassa e do Fosfato, Piracicaba, SP (Brasil)
_wP30 BR9301618
_gPiracicaba, SP (Brasil), 1993. p. 71-104
909 _a202404
_bLucia
_c55
_dLucia Elande
942 _cAM
_2AGRIS
999 _c323140
_d323140